Stem Cell Anthology : (Record no. 598543)

MARC details
000 -LEADER
fixed length control field 00492nam a2200193 a 4500
008 - FIXED-LENGTH DATA ELEMENTS--GENERAL INFORMATION
fixed length control field 251124s2010##################000#0#eng##
020 ## - INTERNATIONAL STANDARD BOOK NUMBER
ISBN 9780123756824
082 04 - DEWEY DECIMAL CLASSIFICATION NUMBER
Classification number 616.02774
Item number CAR
100 1# - MAIN ENTRY--AUTHOR NAME
Personal name Carlson, Bruce M.,
245 10 - TITLE STATEMENT
Title Stem Cell Anthology :
260 ## - PUBLICATION, DISTRIBUTION, ETC. (IMPRINT)
Name of publisher Academic Press,
Year of publication 2010.
300 ## - PHYSICAL DESCRIPTION
Number of Pages 402 pages
650 #0 - SUBJECT ADDED ENTRY--TOPICAL TERM
Topical Term Science.
942 ## - ADDED ENTRY ELEMENTS (KOHA)
Koha item type English Books
Holdings
Withdrawn status Lost status Damaged status Not for loan Home library Current library Shelving location Date acquired Full call number Accession Number Price effective from Koha item type
        Anna Centenary Library Anna Centenary Library 5TH FLOOR, B WING 24.11.2025 616.02774 CAR 348711 24.11.2025 English Books

Find us on the map